书目信息 |
| 书名: | Child health nursing | |
| 作者: | Adele Pillitterl. | |
| 分册号: | ||
| 分册名: | 出版地: | Upper Saddle River, N.J. : |
|
| 出版社: | Prentice Hall | |
| 出版时间: | c2003. | |
| 页数: | 1196 p. : | |
| 开本: | 29cm. | |
| 丛书名: | Prentice Hall nursing | |
| 中图分类号: | ||
| 科图分类号: | ||
| 其他分类号: | R473.72 | |
| 主题词: | ||
| 电子资源: | ||
| 000 | 00740nam 22000241i 450 | |
| 001 | 0207004504 | |
| 005 | 20070421145619.06 | |
| 008 | 020211m2003 u y a b 001 0 | |
| 020 | @a0-7817-1624-1. | |
| 041 | @aeng | |
| 050 | @aRJ245@b.C4765 2003 | |
| 082 | 04 | @a610.73/62@221 |
| 090 | @aR473.72 | |
| 099 | @dR473.72@ex18 | |
| 100 | 1 | @aWhite@cJudy E. |
| 245 | 10 | @aChild health nursing :@bCare of the Child and Family / @cAdele Pillitterl. |
| 260 | 1 | @aUpper Saddle River, N.J. :@bPrentice Hall,@cc2003. |
| 300 | @a1196 p. :@bill. ;@c29cm. | |
| 440 | 0 | @aPrentice Hall nursing |
| 504 | @aIncludes bibliographical references and index. | |
| 650 | 4 | @aPediatric nursing. |
| 650 | 4 | @aPediatric nursing. |
| 700 | @aPillitterl,Adele | |
| Child health nursing : : Care of the Child and Family / / Adele Pillitterl.-Upper Saddle River, N.J. : : Prentice Hall, , c2003. |
| 1196 p. : : ill. ; ; 29cm.- (Prentice Hall nursing ) |
| Includes bibliographical references and index. |
| ISBN 0-7817-1624-1. |
| ● |
| 相关链接 |
|
|
|
|
正题名:Child health nursing
索取号:R473.72/x18
 
预约/预借
| 序号 | 登录号 | 条形码 | 馆藏地/架位号 | 状态 | 备注 |
| 1 | 4296 | 300042969 | 第二样本阅览室/ [索取号:R473.72/x18] | 在馆 | |
| 2 | 4297 | 300042978 | 第四借阅区/ [索取号:R473.72/x18] | 在馆 | |
| 3 | 4298 | 300042987 | 第四借阅区/ [索取号:R473.72/x18] | 在馆 |